000 02460cam a22005174i 4500
001 u27706
003 PE-LiUPU
005 20250731175629.0
008 150623s2001 sp a rb 000 0 spa d
020 _a8433106589
035 _a(Sirsi) i9788433106582
040 _aPE-LiUPU
_bspa
_cPE-LiUPU
_erda
049 _aPRUA
082 0 4 _a461.4
_bM44
_221
100 1 _aMesanza López, Jesús,
_eautor.
245 1 0 _aCómo escribir bien :
_bortografía y temas afines /
_cJesús Mesanza López.
250 _a3a
264 1 _aBarcelona, España :
_bCISSPRAXIS,
_c2001.
300 _a250 páginas :
_bilustraciones, tablas, gráficos ;
_c24 centímetros.
336 _atext
_2rdacontent
337 _aunmediated
_2rdamedia
338 _avolume
_2rdacarrier
490 0 _aMonografías Escuela Española
504 _aIncluye bibliografía.
505 0 _aOrtografía. Complementos ortográficos. Gramática. Curiosidad.
526 _aP145
526 _aP127
526 _aP97
526 _aP35
526 _aP14
526 _aP07
541 _g001-003031;
541 _g001-0039832;
541 _g019788;
596 _a1 2
650 0 4 _aEspañol
_xOrtografía.
910 _arlm
_b
_crlm
_d20150922
942 _2ddc
_cBOOK
994 _aC0
_bPEPRU
949 _a461.4 M44
_wDEWEY
_c1
_i53071
_f2018-2-11
_g3
_lCCODEBUL1
_mBUL
_p23.00
_r0
_sY
_tBOOK
_u2015-6-24
_xFCE
_zUNKNOWN
_0COMPRA
_o.STAFF. Colección General
949 _a461.4 M44
_wDEWEY
_c1
_iFT02954
_lCCODEBUT1
_mBUT
_p19.06
_r0
_sY
_tBOOK
_u2015-9-22
_xBIBLIOTECA
_zUNKNOWN
_0COMPRA
_o.STAFF. Colección General
949 _a461.4 M44
_wDEWEY
_c2
_i72185
_d2018-5-2
_e2016-9-20
_f2018-2-12
_g3
_lCCODEBUL1
_mBUL
_n4
_p28.82
_q3
_r0
_sY
_tBOOK
_u2015-11-26
_xEDUCACION
_PP20
_0COMPRA
_o.STAFF. Colección General
999 _a461.4 M44
_wDEWEY
_c34874
_i53071
_f2021-11-8
_g6
_lCCODEBUL1
_mBUL
_p23.00
_r0
_sN
_tBOOK
_u2015-6-24
_xEDUCACION
_zUNKNOWN
_0COMPRA
_o.STAFF. Colección General
_d34874
999 _a461.4 M44
_wDEWEY
_c2
_i72185
_d2019-6-14
_e2019-6-14
_f2021-11-8
_g6
_lCCODEBUL1
_mBUL
_n5
_p28.82
_q5
_r0
_sY
_tBOOK
_u2015-11-26
_xEDUCACION
_PP20
_0COMPRA
_o.STAFF. Colección General
999 _a461.4 M44
_wDEWEY
_c1
_iFT02954
_f2019-2-20
_g1
_lCCODEBUT1
_mBUT
_p19.06
_r0
_sY
_tBOOK
_u2015-9-22
_xBIBLIOTECA
_zUNKNOWN
_0COMPRA
_o.STAFF. Colección General
980 _81
_gALBERTO SANCHEZ Responsable de Automatización